000 00307nam a2200109Ia 4500
008 220120s9999||||xx |||||||||||||| ||und||
100 _aSharma, Arun
_93357
245 0 _aPrevious years' solved CAT papers
260 _aMc graw hill
_bNew Delhi
_c2015
300 _a346p.
_b350
650 _aSIGNAL PROCESSING
_9719
999 _c137589
_d137589